|
|
|
|
| LEADER |
00000nab#a22000007a#4500 |
| 001 |
arbauad015640 |
| 003 |
AR-BaUAD |
| 005 |
20250711111442.0 |
| 008 |
000000|||||||||###||||||b###|0###a|spa|| |
| 040 |
|
|
|a AR-BaUAD
|c AR-BaUAD
|b spa
|
| 100 |
|
|
|a González Lanuza, Luis
|
| 245 |
|
|
|a Fachadas, integrales, estanqueidad y diseño /
|c Luis González Lanuza;
|
| 300 |
0 |
|
|b axonom., cortes, detalles constructivos
|
| 653 |
|
|
|a ARGENTINA
|
| 653 |
|
|
|a FACHADAS
|
| 653 |
|
|
|a SISTEMAS MODULARES
|
| 653 |
|
|
|a SISTEMAS CONSTRUCTIVOS
|
| 653 |
|
|
|a CONSTRUCCION
|
| 653 |
|
|
|a TIPOLOGIAS
|
| 653 |
|
|
|a JUNTAS
|
| 653 |
|
|
|a MONTAJE
|
| 653 |
|
|
|a AISLAMIENTO
|
| 773 |
0 |
|
|t SUMMA
|g no. 103 [ago. 1976], p. 65-72
|
| 942 |
|
|
|c ARTI
|
| 952 |
|
|
|0 0
|1 0
|4 0
|7 0
|9 60560
|a AR-BAuAD
|b AR-BAuAD
|d 2025-07-11
|l 0
|p AAQA015640
|r 2025-07-11 11:14:42
|w 2025-07-11
|y ARTI
|
| 990 |
|
|
|a AQ197
|b TD
|
| 998 |
|
|
|a AAQ
|b BIBUN76
|
| 999 |
|
|
|c 40233
|d 40233
|